000 00269nam a2200109Ia 4500
008 220204s9999 xx 000 0 und d
082 _a633.51
_bMUL
100 _aG
245 0 _aCotton: Cultivation and fertilization
260 _aGermany
_bRuhr Stick
_c1960
942 _cBK
999 _c20233
_d20233